[Event "Montreal op"]
[Site "Montreal CAN"]
[Date "2005.07.15"]
[Round "1"]
[White "Chabot, Jean Francois"]
[Black "Forget, David"]
[Result "0-1"]
[WhiteElo "1953"]
[BlackElo "1912"]
[PlyCount "64"]
[GameId "2160767910901106"]
[EventDate "2005.07.15"]
[EventType "swiss"]
[EventRounds "9"]
[EventCountry "CAN"]
[SourceTitle "EXT 2007"]
[Source "ChessBase"]
[SourceDate "2006.11.23"]
[SourceVersion "1"]
[SourceVersionDate "2006.11.23"]
[SourceQuality "1"]

1. d4 d5 2. c4 c6 3. Nf3 dxc4 4. Nc3 e6 5. a4 Bb4 6. e3 b5 7. Bd2 Nf6 8. b3 Bxc3 9. Bxc3 Ne4 10. Qc2 Nxc3 11. Qxc3 a5 12. bxc4 b4 13. Qb2 O-O 14. Be2 Nd7 15. c5 Ba6 16. O-O Nf6 17. Ne5 Bxe2 18. Qxe2 Qd5 19. f3 Nd7 20. Nc4 e5 21. Rfd1 Qe6 22. Qd3 exd4 23. Qxd4 Rfd8 24. Nd6 Nf6 25. e4 Ne8 26. e5 Nc7 27. f4 Nd5 28. f5 Qe7 29. Re1 Nc3 30. e6 fxe6 31. Rxe6 Qxe6 32. Qxc3 Qxd6 0-1

[Event "Montreal op"]
[Site "Montreal CAN"]
[Date "2005.07.15"]
[Round "1"]
[White "Dimev, Kiril"]
[Black "Hajiyev, Elshad"]
[Result "1-0"]
[WhiteElo "1834"]
[BlackElo "1954"]
[PlyCount "71"]
[GameId "2160767910901107"]
[EventDate "2005.07.15"]
[EventType "swiss"]
[EventRounds "9"]
[EventCountry "CAN"]
[SourceTitle "EXT 2007"]
[Source "ChessBase"]
[SourceDate "2006.11.23"]
[SourceVersion "1"]
[SourceVersionDate "2006.11.23"]
[SourceQuality "1"]

1. d4 Nf6 2. c4 c5 3. d5 b5 4. cxb5 a6 5. b6 Qxb6 6. Nc3 g6 7. Nf3 Bg7 8. Nd2 d6 9. e4 O-O 10. Be2 Bd7 11. Nc4 Qc7 12. a4 h5 13. Bf4 Ne8 14. O-O Bc8 15. Ra3 Nd7 16. Rb3 Rb8 17. a5 Ne5 18. Bxe5 dxe5 19. d6 exd6 20. Nd5 Qa7 21. Ne7+ Qxe7 22. Rxb8 Bb7 23. Rxb7 Qxb7 24. Nxd6 Nxd6 25. Qxd6 Qxb2 26. Bxa6 Qb4 27. Qc7 f5 28. exf5 Rxf5 29. Bc8 Rf8 30. a6 Kh7 31. a7 Qa3 32. Qb7 Rxc8 33. Qxc8 Qxa7 34. Rc1 e4 35. Qxc5 Qxc5 36. Rxc5 1-0

[Event "Montreal op"]
[Site "Montreal CAN"]
[Date "2005.07.15"]
[Round "1"]
[White "Gauthier, Denis"]
[Black "Pilotte, Benoit"]
[Result "1-0"]
[WhiteElo "1876"]
[BlackElo "1795"]
[PlyCount "59"]
[GameId "2160767910901108"]
[EventDate "2005.07.15"]
[EventType "swiss"]
[EventRounds "9"]
[EventCountry "CAN"]
[SourceTitle "EXT 2007"]
[Source "ChessBase"]
[SourceDate "2006.11.23"]
[SourceVersion "1"]
[SourceVersionDate "2006.11.23"]
[SourceQuality "1"]

1. d4 Nf6 2. c4 g6 3. Nc3 Bg7 4. Nf3 O-O 5. Bf4 c5 6. d5 d6 7. e4 Nh5 8. Be3 f5 9. exf5 Bxf5 10. Be2 e5 11. dxe6 Bxc3+ 12. bxc3 Bxe6 13. Ng5 Ng7 14. Nxe6 Nxe6 15. Qd5 Qf6 16. O-O Nc6 17. Bg4 Rfe8 18. Rab1 Na5 19. Rfe1 Kg7 20. Bxe6 Qxe6 21. Bh6+ Kf7 22. Rxe6 Rxe6 23. Re1 Rae8 24. Rxe6 Rxe6 25. f4 Ke7 26. Bg5+ Kd7 27. f5 Re2 28. Qf7+ Kc6 29. fxg6 hxg6 30. Bd8 1-0

[Event "Montreal op"]
[Site "Montreal CAN"]
[Date "2005.07.17"]
[Round "1"]
[White "Carrier, Claude"]
[Black "Predescu, Sebastian"]
[Result "0-1"]
[WhiteElo "2049"]
[BlackElo "2234"]
[PlyCount "126"]
[GameId "2160767910901109"]
[EventDate "2005.07.15"]
[EventType "swiss"]
[EventRounds "9"]
[EventCountry "CAN"]
[SourceTitle "EXT 2007"]
[Source "ChessBase"]
[SourceDate "2006.11.23"]
[SourceVersion "1"]
[SourceVersionDate "2006.11.23"]
[SourceQuality "1"]

1. e4 c5 2. Nf3 d6 3. d4 cxd4 4. Nxd4 Nf6 5. Nc3 a6 6. Be3 e5 7. Nb3 Be6 8. f4 Ng4 9. Bd2 Qb6 10. Qf3 exf4 11. Qxf4 Nc6 12. Nd5 Bxd5 13. exd5 Nce5 14. Qa4+ Ke7 15. Qf4 g6 16. Qg3 Rc8 17. h3 Nf6 18. Ba5 Qa7 19. Bc3 Nfd7 20. Bd4 Qb8 21. O-O-O Bg7 22. Kb1 Qc7 23. c4 b6 24. Be2 h6 25. h4 h5 26. Qf2 f5 27. Rhe1 Kf7 28. Rc1 Rce8 29. Nd2 Nc5 30. Bxc5 bxc5 31. Ne4 Rb8 32. Ng5+ Kg8 33. Rc2 Qb7 34. Qe3 Bf6 35. g3 Kg7 36. Ne6+ Kf7 37. Qa3 Rhe8 38. Qa5 Nxc4 39. Bxc4 Bxb2 40. Bxa6 Bc3+ 41. Bxb7 Rxb7+ 42. Kc1 Bxa5 43. Ng5+ Kf8 44. Rxe8+ Kxe8 45. Re2+ Re7 46. Ne6 Bc3 47. Re3 Be5 48. Kc2 Kf7 49. a4 Kf6 50. a5 Bd4 51. Ra3 Ke5 52. a6 Ra7 53. Nf4 Ke4 54. Kb3 g5 55. hxg5 h4 56. Kc4 hxg3 57. Ng2 f4 58. Nh4 g2 59. Nxg2 f3 60. Nh4 f2 61. Rf3 Rxa6 62. Kb5 Ra1 63. Kc6 f1=Q 0-1

[Event "Montreal op"]
[Site "Montreal CAN"]
[Date "2005.07.17"]
[Round "1"]
[White "Cloutier, Mathieu"]
[Black "Larochelle, Martial"]
[Result "0-1"]
[WhiteElo "1950"]
[BlackElo "2140"]
[PlyCount "80"]
[GameId "2160767910901110"]
[EventDate "2005.07.15"]
[EventType "swiss"]
[EventRounds "9"]
[EventCountry "CAN"]
[SourceTitle "EXT 2007"]
[Source "ChessBase"]
[SourceDate "2006.11.23"]
[SourceVersion "1"]
[SourceVersionDate "2006.11.23"]
[SourceQuality "1"]

1. e4 c5 2. Nf3 d6 3. Bb5+ Bd7 4. Bxd7+ Qxd7 5. O-O Nc6 6. c3 Nf6 7. Re1 e6 8. d4 cxd4 9. cxd4 d5 10. e5 Ne4 11. a3 Be7 12. Nbd2 Nxd2 13. Bxd2 O-O 14. Qe2 Rfc8 15. Qd3 Qd8 16. b4 a6 17. Bc3 Qb6 18. Nd2 Rc7 19. Nb3 Qb5 20. Qe3 Rac8 21. a4 Qb6 22. a5 Qb5 23. Nc5 h6 24. Rab1 Rb8 25. Rb2 b6 26. axb6 Rxb6 27. Reb1 Qc4 28. f4 a5 29. Na4 Rb5 30. Rb3 axb4 31. Ba1 Ra5 32. Rc1 Qa6 33. Bb2 Rxa4 34. Rf1 Na5 35. f5 exf5 36. Rd3 Nc4 37. Qg3 Nxb2 38. e6 Bd6 39. exf7+ Rxf7 40. Qe3 Re7 0-1

[Event "Montreal op"]
[Site "Montreal CAN"]
[Date "2005.07.17"]
[Round "1"]
[White "Jodoin, Pierre"]
[Black "Fernandez, Lautaro"]
[Result "0-1"]
[WhiteElo "1761"]
[BlackElo "2120"]
[PlyCount "66"]
[GameId "2160767910901113"]
[EventDate "2005.07.15"]
[EventType "swiss"]
[EventRounds "9"]
[EventCountry "CAN"]
[SourceTitle "EXT 2007"]
[Source "ChessBase"]
[SourceDate "2006.11.23"]
[SourceVersion "1"]
[SourceVersionDate "2006.11.23"]
[SourceQuality "1"]

1. e4 c5 2. Nf3 e6 3. d3 Nc6 4. g3 g6 5. Bg2 Bg7 6. O-O Nge7 7. c3 d5 8. Nbd2 d4 9. c4 O-O 10. a3 e5 11. Ne1 Be6 12. Nc2 a5 13. Rb1 Qd6 14. f4 f5 15. exf5 gxf5 16. fxe5 Nxe5 17. Nf3 N5g6 18. Ng5 Rab8 19. Nxe6 Qxe6 20. Bd2 b6 21. b4 axb4 22. axb4 Qd6 23. Ra1 f4 24. gxf4 Nxf4 25. Bxf4 Rxf4 26. Rxf4 Qxf4 27. Qe2 Ng6 28. Rf1 Qd6 29. Qe4 Kh8 30. b5 Be5 31. h3 Nf4 32. Ne1 Rg8 33. Kh1 Nh5 0-1

[Event "Montreal op"]
[Site "Montreal CAN"]
[Date "2005.07.17"]
[Round "1"]
[White "Libersan, Thierry"]
[Black "Voskanyan, Vahagn"]
[Result "0-1"]
[WhiteElo "2065"]
[BlackElo "2277"]
[PlyCount "126"]
[GameId "2160767910901114"]
[EventDate "2005.07.15"]
[EventType "swiss"]
[EventRounds "9"]
[EventCountry "CAN"]
[SourceTitle "EXT 2007"]
[Source "ChessBase"]
[SourceDate "2006.11.23"]
[SourceVersion "1"]
[SourceVersionDate "2006.11.23"]
[SourceQuality "1"]

1. d4 Nf6 2. c4 g6 3. Nf3 Bg7 4. Nc3 d5 5. cxd5 Nxd5 6. e4 Nxc3 7. bxc3 O-O 8. Rb1 c5 9. Be2 Nc6 10. Be3 cxd4 11. cxd4 Bg4 12. O-O Bxf3 13. Bxf3 Nxd4 14. Rxb7 a5 15. Bg4 e6 16. Qa4 Qc8 17. Rd7 Nc6 18. Rd2 Qb7 19. Rfd1 Rfc8 20. a3 Rab8 21. Rc1 Ne5 22. Rxc8+ Qxc8 23. Be2 Qc3 24. Rd1 h5 25. Bd2 Qc6 26. Qxc6 Nxc6 27. a4 Rb2 28. Bb5 Nb4 29. Be3 Nc2 30. Bb6 Bc3 31. g3 Na3 32. Rd8+ Kh7 33. Rc8 Nxb5 34. axb5 Rxb5 35. Rxc3 Rxb6 36. Rc7 Kg7 37. Ra7 Rb1+ 38. Kg2 Ra1 39. h4 e5 40. Kf3 a4 41. Ra5 Kf6 42. Ra6+ Ke7 43. Ra7+ Ke6 44. Ra6+ Kd7 45. Ra7+ Kc6 46. Rxf7 a3 47. Ra7 Kb6 48. Ra8 Kb5 49. Rb8+ Kc4 50. Rc8+ Kb3 51. Rb8+ Ka2 52. Rb5 Rc1 53. Rxe5 Kb3 54. Rb5+ Ka4 55. Rb6 a2 56. Ra6+ Kb3 57. g4 a1=Q 58. Rxa1 Rxa1 59. gxh5 gxh5 60. Kf4 Kc4 61. Kf5 Rh1 62. Kg5 Kd4 63. f3 Ke5 0-1

[Event "Montreal op"]
[Site "Montreal CAN"]
[Date "2005.07.17"]
[Round "1"]
[White "Luksza, Arkadiusz"]
[Black "Gacogne, Charlie"]
[Result "1-0"]
[WhiteElo "2173"]
[BlackElo "2003"]
[PlyCount "75"]
[GameId "2160767910901115"]
[EventDate "2005.07.15"]
[EventType "swiss"]
[EventRounds "9"]
[EventCountry "CAN"]
[SourceTitle "EXT 2007"]
[Source "ChessBase"]
[SourceDate "2006.11.23"]
[SourceVersion "1"]
[SourceVersionDate "2006.11.23"]
[SourceQuality "1"]

1. c4 Nf6 2. Nc3 e5 3. g3 Be7 4. Bg2 O-O 5. Nf3 d6 6. d4 Nbd7 7. O-O c6 8. Qc2 Qc7 9. Rd1 a6 10. h3 Rb8 11. Be3 Re8 12. Rac1 Bf8 13. a3 exd4 14. Bxd4 Ne5 15. Nxe5 dxe5 16. Ba7 Ra8 17. Be3 Be6 18. Na4 Rad8 19. Re1 c5 20. b4 Nd7 21. b5 axb5 22. cxb5 b6 23. Kh2 c4 24. Bc6 Bxa3 25. Ra1 Bb4 26. Red1 Ba5 27. Nc3 Rf8 28. Ne4 Bf5 29. Qxc4 Bxe4 30. Qxe4 Nf6 31. Qc2 Rxd1 32. Rxd1 Rd8 33. Rd3 Rxd3 34. Qxd3 Qe7 35. Qf5 g6 36. Qc8+ Kg7 37. Qb8 Nd7 38. Qc7 1-0

[Event "Montreal op"]
[Site "Montreal CAN"]
[Date "2005.07.17"]
[Round "1"]
[White "Malek, Omid"]
[Black "Rosen, Matthew"]
[Result "1/2-1/2"]
[WhiteElo "2021"]
[BlackElo "2191"]
[PlyCount "125"]
[GameId "2160767910901116"]
[EventDate "2005.07.15"]
[EventType "swiss"]
[EventRounds "9"]
[EventCountry "CAN"]
[SourceTitle "EXT 2007"]
[Source "ChessBase"]
[SourceDate "2006.11.23"]
[SourceVersion "1"]
[SourceVersionDate "2006.11.23"]
[SourceQuality "1"]

1. e4 c5 2. Nf3 d6 3. d4 cxd4 4. Nxd4 Nf6 5. Nc3 a6 6. Be3 e6 7. Be2 Be7 8. Qd2 Qc7 9. f4 Nc6 10. Nb3 b5 11. a3 Bb7 12. Bf3 Rc8 13. O-O O-O 14. g4 Rfe8 15. Rae1 Nd7 16. g5 Bf8 17. Qg2 Na5 18. Nd2 Nb6 19. h4 Nac4 20. Nxc4 Nxc4 21. Bc1 Nxa3 22. h5 Nxc2 23. Qxc2 b4 24. g6 bxc3 25. gxf7+ Kxf7 26. b3 Kg8 27. Bg4 d5 28. exd5 Bxd5 29. Be3 Bc5 30. Kh2 Bxe3 31. Rxe3 Qb6 32. Rxc3 Rxc3 33. Qxc3 Qxb3 34. Qd2 Qa2 35. Qxa2 Bxa2 36. Be2 Ra8 37. Ra1 Bd5 38. Rxa6 Rxa6 39. Bxa6 Kf7 40. Kg3 Be4 41. Be2 Kf6 42. Bg4 Bf5 43. Bf3 Ke7 44. Be2 Kd6 45. Bf3 Kc5 46. Be2 Kd4 47. Bf3 Ke3 48. Bd1 Be4 49. Bg4 Bd5 50. Bd1 Kd2 51. Ba4 h6 52. Bd7 Ke3 53. Ba4 Bf3 54. Bd7 Bxh5 55. Bxe6 Be2 56. Bf5 h5 57. Bg6 Bf3 58. Be8 h4+ 59. Kxh4 Kxf4 60. Kh3 g5 61. Kh2 g4 62. Kg1 g3 63. Bd7 1/2-1/2

[Event "Montreal op"]
[Site "Montreal CAN"]
[Date "2005.07.17"]
[Round "1"]
[White "Malette, Martin"]
[Black "Bolduc, Steve"]
[Result "0-1"]
[WhiteElo "2043"]
[BlackElo "2206"]
[PlyCount "74"]
[GameId "2160767910901117"]
[EventDate "2005.07.15"]
[EventType "swiss"]
[EventRounds "9"]
[EventCountry "CAN"]
[SourceTitle "EXT 2007"]
[Source "ChessBase"]
[SourceDate "2006.11.23"]
[SourceVersion "1"]
[SourceVersionDate "2006.11.23"]
[SourceQuality "1"]

1. e4 c5 2. Nf3 d6 3. d4 cxd4 4. Nxd4 Nf6 5. Nc3 a6 6. f3 e5 7. Nb3 Be7 8. Be3 O-O 9. Qd2 Nbd7 10. O-O-O b5 11. g4 Nb6 12. Na5 Qc7 13. g5 Nfd7 14. Nd5 Nxd5 15. exd5 Nc5 16. h4 Bf5 17. Nc6 Qd7 18. Nxe5 dxe5 19. d6 Rac8 20. dxe7 Qxe7 21. Bh3 Bxh3 22. Rxh3 Qe6 23. Bxc5 Rxc5 24. Qd6 Rxc2+ 25. Kxc2 Qxh3 26. Qxe5 Qxf3 27. Qd4 Qf5+ 28. Rd3 g6 29. Kb3 Qe6+ 30. Qd5 Rd8 31. Qxe6 Rxd3+ 32. Kc2 fxe6 33. Kxd3 Kf7 34. Kd4 Ke7 35. Kc5 Kd7 36. b3 Kc7 37. a3 Kd7 0-1

[Event "Montreal op"]
[Site "Montreal CAN"]
[Date "2005.07.17"]
[Round "1"]
[White "Masse, Hugues"]
[Black "Ye, Ling Feng"]
[Result "1-0"]
[WhiteElo "2264"]
[BlackElo "2051"]
[PlyCount "61"]
[GameId "2160767910901118"]
[EventDate "2005.07.15"]
[EventType "swiss"]
[EventRounds "9"]
[EventCountry "CAN"]
[SourceTitle "EXT 2007"]
[Source "ChessBase"]
[SourceDate "2006.11.23"]
[SourceVersion "1"]
[SourceVersionDate "2006.11.23"]
[SourceQuality "1"]

1. d4 Nf6 2. c4 g6 3. Nc3 Bg7 4. e4 d6 5. Nf3 O-O 6. Be2 e5 7. Be3 Nc6 8. d5 Ne7 9. Nd2 Ne8 10. O-O f5 11. f3 f4 12. Bf2 g5 13. c5 h5 14. Nc4 Ng6 15. cxd6 cxd6 16. Nb5 Rf7 17. Nxa7 Nf6 18. Rc1 Rxa7 19. Bxa7 g4 20. Nxd6 Qxd6 21. Rxc8+ Kh7 22. Qc2 gxf3 23. Bxf3 b6 24. Rc6 Qb4 25. Bxb6 Ng4 26. h3 Ne3 27. Bxe3 fxe3 28. Rxg6 Kxg6 29. Bxh5+ Kxh5 30. Qe2+ Kh6 31. Rxf7 1-0

[Event "Montreal op"]
[Site "Montreal CAN"]
[Date "2005.07.17"]
[Round "1"]
[White "McDonough, Jonathan"]
[Black "Caceres Cortes, Julio"]
[Result "1-0"]
[WhiteElo "2192"]
[BlackElo "2023"]
[PlyCount "87"]
[GameId "2160767910901119"]
[EventDate "2005.07.15"]
[EventType "swiss"]
[EventRounds "9"]
[EventCountry "CAN"]
[SourceTitle "EXT 2007"]
[Source "ChessBase"]
[SourceDate "2006.11.23"]
[SourceVersion "1"]
[SourceVersionDate "2006.11.23"]
[SourceQuality "1"]

1. d4 Nf6 2. c4 e6 3. Nc3 d5 4. cxd5 exd5 5. Bg5 c6 6. e3 Be7 7. Qc2 O-O 8. Bd3 Nbd7 9. Nf3 Re8 10. O-O Nf8 11. h3 g6 12. Rae1 Ne6 13. Bh6 Ng7 14. g4 Bd6 15. Bg5 Be6 16. Ne5 Be7 17. Bh6 Nd7 18. f4 Nxe5 19. fxe5 Bg5 20. Bxg5 Qxg5 21. Qg2 Rad8 22. Rf3 Re7 23. Ref1 Qh4 24. Rg3 Red7 25. Rf6 c5 26. Ne2 c4 27. Bc2 Ne8 28. Rf1 Qe7 29. Nf4 Ng7 30. Nh5 Ne8 31. Nf6+ Nxf6 32. Rxf6 Qb4 33. Bf5 Qe1+ 34. Kh2 Rf8 35. Rf3 Re7 36. Bxe6 Rxe6 37. R6f4 b5 38. Rf1 Qxe3 39. Qxd5 Re7 40. Qxb5 g5 41. Rf5 Rd8 42. Qc5 Rxd4 43. R1f2 Red7 44. e6 1-0

[Event "Montreal op"]
[Site "Montreal CAN"]
[Date "2005.07.17"]
[Round "1"]
[White "Nicula, Marius"]
[Black "Yuan, Yuanling"]
[Result "1-0"]
[WhiteElo "2163"]
[BlackElo "1995"]
[PlyCount "57"]
[GameId "2160767910901120"]
[EventDate "2005.07.15"]
[EventType "swiss"]
[EventRounds "9"]
[EventCountry "CAN"]
[SourceTitle "EXT 2007"]
[Source "ChessBase"]
[SourceDate "2006.11.23"]
[SourceVersion "1"]
[SourceVersionDate "2006.11.23"]
[SourceQuality "1"]

1. Nf3 Nf6 2. g3 g6 3. b3 Bg7 4. Bb2 d5 5. c4 c6 6. Bg2 O-O 7. O-O Nbd7 8. cxd5 cxd5 9. d4 Nb8 10. Ne5 Nc6 11. Nc3 Bf5 12. Nxc6 bxc6 13. Na4 Nd7 14. Rc1 Rc8 15. h3 h5 16. e3 e5 17. dxe5 Bxe5 18. Bxe5 Nxe5 19. f4 Nd3 20. Rc3 Nb4 21. a3 Na6 22. g4 hxg4 23. hxg4 Bd7 24. e4 Qh4 25. f5 Qe7 26. Rh3 g5 27. f6 Qe5 28. exd5 cxd5 29. Qd3 1-0

[Event "Montreal op"]
[Site "Montreal CAN"]
[Date "2005.07.17"]
[Round "1"]
[White "Rouleau, Paul"]
[Black "Audet-Bouchard, Nicolas"]
[Result "0-1"]
[WhiteElo "1919"]
[BlackElo "2128"]
[PlyCount "56"]
[GameId "2160767910901121"]
[EventDate "2005.07.15"]
[EventType "swiss"]
[EventRounds "9"]
[EventCountry "CAN"]
[SourceTitle "EXT 2007"]
[Source "ChessBase"]
[SourceDate "2006.11.23"]
[SourceVersion "1"]
[SourceVersionDate "2006.11.23"]
[SourceQuality "1"]

1. e4 c5 2. c3 d5 3. exd5 Qxd5 4. d4 Nf6 5. Nf3 Bg4 6. Be2 Nc6 7. O-O e6 8. h3 Bh5 9. Na3 a6 10. Nc4 Bxf3 11. Nb6 Bxe2 12. Qxe2 Qd8 13. Nxa8 cxd4 14. cxd4 Qxa8 15. Bg5 Nd5 16. Qg4 g6 17. Rfe1 Bg7 18. Rxe6+ fxe6 19. Qxe6+ Nce7 20. Bxe7 Nxe7 21. Re1 Qd8 22. d5 Kf8 23. d6 Nc6 24. Re3 Bf6 25. Rf3 Kg7 26. Rb3 b5 27. Re3 Nd4 28. Kf1 Nxe6 0-1

[Event "Montreal op"]
[Site "Montreal CAN"]
[Date "2005.07.17"]
[Round "1"]
[White "Tessier, Olivier"]
[Black "Rivest, Jean-Michel"]
[Result "1-0"]
[WhiteElo "2136"]
[BlackElo "1921"]
[PlyCount "82"]
[GameId "2160767910901122"]
[EventDate "2005.07.15"]
[EventType "swiss"]
[EventRounds "9"]
[EventCountry "CAN"]
[SourceTitle "EXT 2007"]
[Source "ChessBase"]
[SourceDate "2006.11.23"]
[SourceVersion "1"]
[SourceVersionDate "2006.11.23"]
[SourceQuality "1"]

1. e4 c5 2. Nf3 d6 3. c3 Nf6 4. Qc2 Nc6 5. Be2 Bg4 6. d3 g6 7. h3 Bd7 8. d4 cxd4 9. cxd4 Bg7 10. d5 Na5 11. Nc3 Rc8 12. Nd2 b5 13. a3 O-O 14. Qd3 a6 15. O-O Qb6 16. Rb1 e6 17. b4 Nc4 18. Nxc4 Rxc4 19. Qf3 Rxc3 20. Qxc3 Nxe4 21. Qd3 exd5 22. Bb2 Bxb2 23. Rxb2 Bc6 24. Bf3 Qb7 25. Rc1 Ng5 26. Rbc2 Nxf3+ 27. Qxf3 Rc8 28. Rc3 Bd7 29. Qf6 Rxc3 30. Qd8+ Kg7 31. Rxc3 d4 32. Rc7 Qe4 33. Qxd7 Qf4 34. Qg4 Qe5 35. Rc1 d3 36. Qd1 Qb2 37. Rb1 Qxa3 38. Qb3 Qxb3 39. Rxb3 Kf6 40. Rxd3 Ke5 41. f4+ Kxf4 1-0

[Event "Montreal op"]
[Site "Montreal CAN"]
[Date "2005.07.17"]
[Round "1"]
[White "Trahan, Daniel"]
[Black "Berube, Antoine"]
[Result "0-1"]
[WhiteElo "1999"]
[BlackElo "2168"]
[PlyCount "56"]
[GameId "2160767910901123"]
[EventDate "2005.07.15"]
[EventType "swiss"]
[EventRounds "9"]
[EventCountry "CAN"]
[SourceTitle "EXT 2007"]
[Source "ChessBase"]
[SourceDate "2006.11.23"]
[SourceVersion "1"]
[SourceVersionDate "2006.11.23"]
[SourceQuality "1"]

1. d4 d5 2. c4 c6 3. Nf3 Nf6 4. Nc3 e6 5. e3 Nbd7 6. Qc2 Bd6 7. b3 O-O 8. Be2 Qe7 9. O-O dxc4 10. bxc4 e5 11. Bd3 Re8 12. Ng5 h6 13. Nge4 Bc7 14. a4 Nxe4 15. Nxe4 Nf6 16. Ba3 Qd8 17. d5 cxd5 18. Nxf6+ Qxf6 19. cxd5 Bd6 20. Rfc1 e4 21. Bxe4 Bxh2+ 22. Kxh2 Qh4+ 23. Kg1 Rxe4 24. Bd6 Rg4 25. Bf4 Rxg2+ 26. Kxg2 Bh3+ 27. Kg1 Qg4+ 28. Bg3 Qf3 0-1

[Event "Montreal op"]
[Site "Montreal CAN"]
[Date "2005.07.17"]
[Round "1"]
[White "Tremblay, Rejean"]
[Black "Arsenault, Nicolas"]
[Result "1-0"]
[WhiteElo "2223"]
[BlackElo "2048"]
[PlyCount "143"]
[GameId "2160767910901124"]
[EventDate "2005.07.15"]
[EventType "swiss"]
[EventRounds "9"]
[EventCountry "CAN"]
[SourceTitle "EXT 2007"]
[Source "ChessBase"]
[SourceDate "2006.11.23"]
[SourceVersion "1"]
[SourceVersionDate "2006.11.23"]
[SourceQuality "1"]

1. d4 Nf6 2. c4 g6 3. Nc3 Bg7 4. e4 d6 5. Nf3 O-O 6. Be2 e5 7. dxe5 dxe5 8. Qxd8 Rxd8 9. Bg5 Re8 10. O-O-O Na6 11. Ne1 Be6 12. f3 c6 13. Nc2 h6 14. Be3 Nd7 15. Rd2 Nb6 16. b3 Bf8 17. Rhd1 Kg7 18. Kb2 Be7 19. a4 Rad8 20. a5 Nc8 21. Na4 Rxd2 22. Rxd2 Rd8 23. Rxd8 Bxd8 24. b4 b6 25. axb6 axb6 26. b5 Nb8 27. c5 cxb5 28. Nxb6 Na7 29. Na3 b4 30. Nc2 Nbc6 31. Nd5 Bg5 32. Bxg5 hxg5 33. Ndxb4 Na5 34. Kc3 Bd7 35. Na3 Nb7 36. Na6 Nc6 37. Bb5 Nbd8 38. Nc4 f6 39. Nb6 Be6 40. Bxc6 Nxc6 41. Nb4 Nd4 42. c6 g4 43. fxg4 Bxg4 44. Kd3 Nb5 45. N4d5 Nd6 46. h3 Be6 47. c7 Kf7 48. Nc4 Nb5 49. Ncb6 Nd6 50. Nb4 f5 51. exf5 gxf5 52. Ke2 Kf6 53. Nd3 f4 54. Nc5 Bf5 55. Nbd7+ Kg5 56. Nb7 Nc8 57. Nxe5 Be6 58. Nf3+ Kf6 59. Kd3 Bd5 60. Nc5 Ke7 61. Kd4 Kd6 62. Ne4+ Bxe4 63. Kxe4 Kxc7 64. Kxf4 Kd6 65. g4 Ke6 66. h4 Ne7 67. h5 Kf6 68. g5+ Kg7 69. Nd4 Ng8 70. Nf5+ Kh7 71. Ke5 Kh8 72. g6 1-0

[Event "Montreal op"]
[Site "Montreal CAN"]
[Date "2005.07.16"]
[Round "2"]
[White "Forget, David"]
[Black "Morin, Louis"]
[Result "1-0"]
[WhiteElo "1912"]
[BlackElo "1992"]
[PlyCount "99"]
[GameId "2160767910901125"]
[EventDate "2005.07.15"]
[EventType "swiss"]
[EventRounds "9"]
[EventCountry "CAN"]
[SourceTitle "EXT 2007"]
[Source "ChessBase"]
[SourceDate "2006.11.23"]
[SourceVersion "1"]
[SourceVersionDate "2006.11.23"]
[SourceQuality "1"]

1. d4 e5 2. dxe5 Nc6 3. Nf3 Qe7 4. Nc3 Nxe5 5. e4 Nf6 6. Bg5 c6 7. Nh4 d5 8. f4 Ng6 9. Nxg6 fxg6 10. Qd2 dxe4 11. O-O-O Bf5 12. Bc4 e3 13. Qd4 c5 14. Bxf6 cxd4 15. Bxe7 dxc3 16. Bxf8 cxb2+ 17. Kxb2 Kxf8 18. Rhe1 b5 19. Bd3 Bg4 20. Be2 Bxe2 21. Rxe2 Re8 22. Rd3 Kf7 23. Rexe3 Rxe3 24. Rxe3 Re8 25. Rxe8 Kxe8 26. Kb3 Kd7 27. Kb4 Kc6 28. Ka5 Kc5 29. Ka6 b4 30. Kxa7 Kb5 31. Kb7 h6 32. Kc7 Kc5 33. Kd7 Kd5 34. Ke7 g5 35. fxg5 hxg5 36. g3 g4 37. Kd7 g5 38. Ke7 Ke5 39. Kf7 Kf5 40. Kg7 Ke5 41. Kg6 Kd4 42. Kxg5 Kc3 43. Kxg4 Kxc2 44. h4 Kb2 45. h5 Kxa2 46. h6 b3 47. h7 b2 48. h8=Q b1=Q 49. Qa8+ Kb2 50. Qb8+ 1-0

[Event "Montreal op"]
[Site "Montreal CAN"]
[Date "2005.07.16"]
[Round "2"]
[White "Gunapalan, David"]
[Black "Gauthier, Denis"]
[Result "0-1"]
[WhiteElo "1980"]
[BlackElo "1876"]
[PlyCount "94"]
[GameId "2160767910901127"]
[EventDate "2005.07.15"]
[EventType "swiss"]
[EventRounds "9"]
[EventCountry "CAN"]
[SourceTitle "EXT 2007"]
[Source "ChessBase"]
[SourceDate "2006.11.23"]
[SourceVersion "1"]
[SourceVersionDate "2006.11.23"]
[SourceQuality "1"]

1. e4 d5 2. exd5 Nf6 3. c4 c6 4. dxc6 Nxc6 5. Nf3 Bg4 6. Be2 e5 7. d3 Qd7 8. O-O O-O-O 9. Qa4 Kb8 10. Nc3 Bc5 11. Rd1 h6 12. Be3 Qe7 13. Bxc5 Qxc5 14. Rab1 Bxf3 15. Bxf3 Nd4 16. Bd5 Ng4 17. Rd2 f5 18. b4 Qb6 19. c5 Qc7 20. Bf3 Nf6 21. Nb5 Nxb5 22. Qxb5 e4 23. Be2 Qe5 24. d4 Rxd4 25. Rxd4 Qxd4 26. Rd1 Qe5 27. a4 e3 28. f3 f4 29. a5 a6 30. Qb6 Qc7 31. Qe6 Re8 32. Qf5 Ka7 33. Qd3 Qc6 34. g3 g5 35. Qd6 Re6 36. Qd8 Qe8 37. Qc7 Qc6 38. Qd8 Qe8 39. Qc7 Rc6 40. Qg7 Re6 41. Rd6 Rxd6 42. cxd6 Qe5 43. d7 Qd4 44. Qh8 Qd2 45. d8=Q Qe1+ 46. Kg2 Qxe2+ 47. Kh3 Qf1# 0-1

[Event "Montreal op"]
[Site "Montreal CAN"]
[Date "2005.07.16"]
[Round "2"]
[White "Hajiyev, Elshad"]
[Black "Duplessis, Jean-Roch"]
[Result "1-0"]
[WhiteElo "1954"]
[BlackElo "1688"]
[PlyCount "59"]
[GameId "2160767910901128"]
[EventDate "2005.07.15"]
[EventType "swiss"]
[EventRounds "9"]
[EventCountry "CAN"]
[SourceTitle "EXT 2007"]
[Source "ChessBase"]
[SourceDate "2006.11.23"]
[SourceVersion "1"]
[SourceVersionDate "2006.11.23"]
[SourceQuality "1"]

1. d4 c5 2. c3 e6 3. Nf3 d5 4. Bg5 Be7 5. Bf4 Nc6 6. e3 Nf6 7. Bd3 O-O 8. Nbd2 c4 9. Bc2 b5 10. Ne5 Nxe5 11. dxe5 Ne8 12. Qh5 f5 13. g4 g6 14. Qh3 Ng7 15. Bh6 Rf7 16. Bxg7 Rxg7 17. gxf5 exf5 18. f4 b4 19. Nf3 bxc3 20. bxc3 Qa5 21. Kd2 Ba3 22. Rab1 Rb7 23. Rxb7 Bxb7 24. Rb1 Bc5 25. Rxb7 Bxe3+ 26. Kd1 h5 27. Qg3 Qa6 28. Rd7 Rb8 29. Rd6 Rb6 30. Qxg6+ 1-0